| 000 | 01075nam a22003497a 4500 | ||
|---|---|---|---|
| 003 | CHAP | ||
| 005 | 20220329133609.0 | ||
| 008 | 971013s1990 r 00010 d | ||
| 010 | _a8358 | ||
| 011 | _a9330 | ||
| 035 | _a8565 | ||
| 040 | _cCHAP | ||
| 090 | _aFolleto 13966 | ||
| 100 | 0 | 0 |
_aArita, Héctor T. _97115 |
| 245 |
_aInteracciones flor-murciélago _b: un enfoque zoocéntrico |
||
| 260 |
_aMéxico, D. F. : _bUNAM. Instituto de Biología, _c1990 |
||
| 300 | _a35 p. | ||
| 490 |
_aPublicación especial _v; 4 |
||
| 590 |
_aBATCH-UPD _b10 _c20130110 _lUCH01 _h1021 |
||
| 590 |
_aBATCH-UPD _b10 _c20130410 _lUCH01 _h0626 |
||
| 590 |
_aBATCH-UPD _b10 _c20130914 _lUCH01 _h1800 |
||
| 590 |
_aCONVERSION _b10 _c20130109 _lUCH01 _h1306 |
||
| 650 | 1 | 4 |
_aAnimales y plantas. _95919 |
| 650 | 1 | 4 |
_aMurciélagos. _979731 |
| 650 | 1 | 4 |
_aNéctar. _981537 |
| 650 | 1 | 4 |
_aPolen. _990208 |
| 700 | 0 |
_aMartínez del Río, Carlos. _971981 |
|
| 830 | 0 |
_aPublicación especial _v; 4 _992760 |
|
| 901 | _aBK | ||
| 942 | _cFOLL | ||
| 949 |
_aFolleto 13966 _bBC _cFOLL _d-18804 _eTS1 _i8565 _mD _si |
||
| 999 |
_c8358 _d8358 |
||